Tribal medicine / (Record no. 129391)

MARC details
000 -LEADER
fixed length control field 00691nam a22002297a 4500
005 - DATE AND TIME OF LATEST TRANSACTION
control field 20170124110055.0
010 ## - LIBRARY OF CONGRESS CONTROL NUMBER
LC control number A-949924
020 ## - INTERNATIONAL STANDARD BOOK NUMBER
Terms of availability 495.00
International Standard Book Number 8185421307
035 ## - SYSTEM CONTROL NUMBER
System control number A-949924
037 ## - SOURCE OF ACQUISITION
Source of stock number/acquisition Cen Lib/Ret
040 ## - CATALOGING SOURCE
Original cataloging agency DPL
Language of cataloging EN
082 ## - DEWEY DECIMAL CLASSIFICATION NUMBER
Classification number 615.53
Item number PAL
100 ## - MAIN ENTRY--PERSONAL NAME
Personal name Pal, D. C.
9 (RLIN) 26240
245 ## - TITLE STATEMENT
Title Tribal medicine /
Statement of responsibility, etc by D. C. Pal [and] S. K. Jain
260 ## - PUBLICATION, DISTRIBUTION, ETC. (IMPRINT)
Place of publication, distribution, etc Calcutta
Name of publisher, distributor, etc Naya Prokash
Date of publication, distribution, etc 1998
270 ## - ADDRESS
City Calcutta
Address 206 Bidhani Sarani
Postal code 700006
300 ## - PHYSICAL DESCRIPTION
Extent 317p. :
Dimensions 20cm(Hb)
Other physical details col.ill.
650 ## - SUBJECT ADDED ENTRY--TOPICAL TERM
Topical term or geographic name as entry element Materia medica, Vegetable -- India
9 (RLIN) 26241
650 ## - SUBJECT ADDED ENTRY--TOPICAL TERM
Topical term or geographic name as entry element Medicinal plants -- India
9 (RLIN) 26242
700 ## - ADDED ENTRY--PERSONAL NAME
Personal name Jain, S. K.
9 (RLIN) 8421
942 ## - ADDED ENTRY ELEMENTS (KOHA)
Source of classification or shelving scheme Dewey Decimal Classification
Koha item type English Books
Classification part 615.53
Call number suffix PAL
Holdings
Withdrawn status Lost status Damaged status Not for loan Home library Current library Date acquired Source of acquisition Cost, normal purchase price Total Checkouts Full call number Barcode Date last seen Copy number Cost, replacement price Price effective from Koha item type Public note Collection code
Written off       Central Library Central Library 06/07/2015 Cen Lib/Ret 495.00   615.53 PAL A-949924 06/07/2015 1 495.00 06/07/2015 English Books Written off on approval by DLB (By Circulation); dtd 15-06-2023  
      Not For Loan Central Library Central Library 27/07/2015 Cen Lib/Ret 495.00   615.53 PAL A-949925 27/07/2015 2 495.00 27/07/2015 English Books   Reference

© Delhi Public Library
Hit Counter
free hit counter